| 000 | 00603nam a2200205 a 4500 | ||
|---|---|---|---|
| 005 | 20210219152909.0 | ||
| 008 | 991125n 000 0 spa u | ||
| 035 | _aUPN01000066132 | ||
| 100 | _aISAZA DE PEDRAZA, Mary Luz | ||
| 222 |
_aEDUCACION Y BIBLIOTECA : _bREVISTA MENSUAL DE DOCUMENTACION Y RECURSOS DIDACTICOS |
||
| 245 | _aLas bibliotecas escolares : Colombia | ||
| 260 | _aMADRID, ESPAÑA | ||
| 300 | _a18-19 | ||
| 362 | _a1994 Año 6, no. 44, feb. | ||
| 653 | 0 | _aBIBLIOTECAS ESCOLARES | |
| 653 | 0 | _aCOLOMBIA | |
| 653 | 0 | _aFINANCIAMIENTO | |
| 904 |
_aAC _b003943 |
||
| 905 | _aArticulo | ||
| 999 |
_c63320 _d63320 |
||